kku e-library facility

The New Health and Longevity (Record no. 179)

MARC details
000 -LEADER
fixed length control field 00378nam a2200133 4500
005 - DATE AND TIME OF LATEST TRANSACTION
control field 20260227093040.0
008 - FIXED-LENGTH DATA ELEMENTS--GENERAL INFORMATION
fixed length control field 260227b |||||||| |||| 00| 0 eng d
100 ## - MAIN ENTRY--PERSONAL NAME
Personal name Selmon A. C
245 ## - TITLE STATEMENT
Title The New Health and Longevity
Statement of responsibility, etc. /A. C. Selmon
250 ## - EDITION STATEMENT
Edition statement 21st ed
260 ## - PUBLICATION, DISTRIBUTION, ETC.
Place of publication, distribution, etc. India;
Name of publisher, distributor, etc. Oriental Watchman Publishing House;
Date of publication, distribution, etc. 1963
300 ## - PHYSICAL DESCRIPTION
Extent viii, 421p.ill;
Dimensions 20.3cm
942 ## - ADDED ENTRY ELEMENTS (KOHA)
Source of classification or shelving scheme Library of Congress Classification
Suppress in OPAC No
Koha item type Books

No items available.

©2025 All rights reserved. KKU